• 首页
  • 本馆介绍
  • 公告通知
  • 最新文献
  • 馆藏检索
  • 电子资源
  • 读者导购
  • 参考咨询
  • 我的图书馆
  • 登录
  • 详细信息显示
  • 放入我的书架
  • 预约/预借图书
  • 作者相关作品
  • 分类相关作品
  • 丛书相关作品
  • 出版社相关作品

书目信息

  • 表格格式
  • 工作单格式
  • 卡片格式
题名:
中国本身拥有力量
    
 
作者: 钟叔河 著
分册:  
出版信息: 南京   江苏教育出版社  2005
页数: 163页
开本: 23cm
丛书名: 中国文化与中国人系列
单 册:
中图分类: G129
科图分类:
主题词: 东西文化--文化交流--研究--中国--近代
电子资源:
ISBN: 7-5343-6891-X
000 01367nam0 2200325 450
000 01330nam0 2200313 450
000 01298nam0 2200313 450
000 01244nam0 2200289 450
000 01262nam0 2200277 450
000 01225nam0 2200265 45
001 TS2006045641
005 20061228093310.60
010    @a7-5343-6891-X@dCNY14.80
100    @a20060829d2005 ekmy0chiy0120 ea
101 0  @achi
102    @aCN@b320000
105    @ay z 000yy
200 1  @a中国本身拥有力量@AZhong Guo Ben Shen Yong You Li Liang@e(修订本)@E( Xiu Ding Ben )@f钟叔河著@FZhong Shu He Zhu
210    @a南京@c江苏教育出版社@d2005
215    @a163页@d23cm
225 2  @a中国文化与中国人系列
330    @a本书是钟叔河先生的第一本史学论文集。如何才能使中国早日实现现代化,赶上先进的国家?如何使国家早日富强,不再落后挨打?这是19世纪末爱国知识分子一直致力解决的问题。本书以率先向西方世界学习、探索中国现代化模式的三位先驱:黄遵宪、郭嵩焘和徐建寅为例,在翔实生动的史料基础上,想我们展示了第一代走出国门的知识分子的不同遭遇和思想历程。
410  0 @12001 @a中国文化与中国人系列
606 0  @a东西文化@x文化交流@x研究@y中国@z近代
690    @aG129@v4
701  0 @a钟叔河@AZhong Shu He@4著
801  0 @aCN@b中图数据@c20061228
905    @a10447@dG129@e74=2
    
    中国本身拥有力量:(修订本)/钟叔河著.-南京:江苏教育出版社,2005
    163页;23cm.-(中国文化与中国人系列)
    
    
    ISBN 7-5343-6891-X:CNY14.80
    本书是钟叔河先生的第一本史学论文集。如何才能使中国早日实现现代化,赶上先进的国家?如何使国家早日富强,不再落后挨打?这是19世纪末爱国知识分子一直致力解决的问题。本书以率先向西方世界学习、探索中国现代化模式的三位先驱:黄遵宪、郭嵩焘和徐建寅为例,在翔实生动的史料基础上,想我们展示了第一代走出国门的知识分子的不同遭遇和思想历程。
●
相关链接 在E读中查询图书 在五车中查询图书 在当当中查询图书 在豆瓣中查询图书


正题名:中国本身拥有力量     索取号:G129/74=2         预约/预借

序号 登录号 条形码 馆藏地/架位号 状态 备注
1 0602065   206020651   第一样本阅览室/ [索取号:G129/74=2] 在馆    
2 0602066   206020660   第四借阅区/ [索取号:G129/74=2] 在馆    
3 0602067   206020679   第四借阅区/ [索取号:G129/74=2] 在馆    
4 0602068   206020688   第四借阅区/ [索取号:G129/74=2] 在馆    
5 0602069   206020697   第四借阅区/ [索取号:G129/74=2] 在馆    
唐山师范学院图书馆 欢迎您!
大连网信软件有限公司© 版权所有